| 000 | 00779nam a2200181Ia 4500 | ||
|---|---|---|---|
| 008 | 090124s9999 xx 000 0 und d | ||
| 082 | _b38236 | ||
| 100 | _aघाणेकर प्र. के. | ||
| 245 | _a" सहली एक दिवसाच्या, परिसरात पुण्याच्या" | ||
| 250 | _a1 | ||
| 260 |
_bस्नेहल प्रकाशन _c2000 |
||
| 300 | _a286 | ||
| 600 | _aघाणेकर प्र. के. | ||
| 630 | _a" सहली एक दिवसाच्या, परिसरात पुण्याच्या" | ||
| 700 | _aघाणेकर प्र. के. | ||
| 730 | _a" सहली एक दिवसाच्या, परिसरात पुण्याच्या" | ||
| 942 | _cBOOK | ||
| 999 |
_c104277 _d104277 |
||